Phytoremediation : (Record no. 332179)

000 -LEADER
fixed length control field 01616cam a22003254a 4500
001 - CONTROL NUMBER
control field 12860792
003 - CONTROL NUMBER IDENTIFIER
control field NUST
005 - DATE AND TIME OF LATEST TRANSACTION
control field 20171116123309.0
008 - FIXED-LENGTH DATA ELEMENTS--GENERAL INFORMATION
fixed length control field 020719s2003 njua b 001 0 eng
010 ## - LIBRARY OF CONGRESS CONTROL NUMBER
LC control number 2002028897
020 ## - INTERNATIONAL STANDARD BOOK NUMBER
International Standard Book Number 0471394351 (cloth : alk. paper)
040 ## - CATALOGING SOURCE
Original cataloging agency DLC
Transcribing agency DLC
Modifying agency DLC
042 ## - AUTHENTICATION CODE
Authentication code pcc
050 00 - LIBRARY OF CONGRESS CALL NUMBER
Classification number TD192.75
Item number .M38 2003
082 00 - DEWEY DECIMAL CLASSIFICATION NUMBER
Classification number 628.5 MCC
Edition number 21
245 00 - TITLE STATEMENT
Title Phytoremediation :
Remainder of title transformation and control of contaminants /
Statement of responsibility, etc. edited by Steven C. McCutcheon, Jerald L. Schnoor.
260 ## - PUBLICATION, DISTRIBUTION, ETC.
Place of publication, distribution, etc. Hoboken, N.J. :
Name of publisher, distributor, etc. Wiley-Interscience,
Date of publication, distribution, etc. c2003.
300 ## - PHYSICAL DESCRIPTION
Extent xxviii, 987 p. :
Other physical details ill. ;
Dimensions 25 cm.
440 #0 - SERIES STATEMENT/ADDED ENTRY--TITLE
Title Environmental science and technology
9 (RLIN) 5002
500 ## - GENERAL NOTE
General note H.B
504 ## - BIBLIOGRAPHY, ETC. NOTE
Bibliography, etc. note Includes bibliographical references and indexes.
650 #0 - SUBJECT ADDED ENTRY--TOPICAL TERM
Topical term or geographic name entry element Phytoremediation.
9 (RLIN) 6472
700 1# - ADDED ENTRY--PERSONAL NAME
Personal name McCutcheon, Steve C.
9 (RLIN) 6473
700 1# - ADDED ENTRY--PERSONAL NAME
Personal name Schnoor, Jerald L.
9 (RLIN) 6474
856 42 - ELECTRONIC LOCATION AND ACCESS
Materials specified Contributor biographical information
Uniform Resource Identifier <a href="http://www.loc.gov/catdir/bios/wiley044/2002028897.html">http://www.loc.gov/catdir/bios/wiley044/2002028897.html</a>
856 41 - ELECTRONIC LOCATION AND ACCESS
Materials specified Table of contents
Uniform Resource Identifier <a href="http://www.loc.gov/catdir/toc/wiley041/2002028897.html">http://www.loc.gov/catdir/toc/wiley041/2002028897.html</a>
856 42 - ELECTRONIC LOCATION AND ACCESS
Materials specified Publisher description
Uniform Resource Identifier <a href="http://www.loc.gov/catdir/description/wiley037/2002028897.html">http://www.loc.gov/catdir/description/wiley037/2002028897.html</a>
856 42 - ELECTRONIC LOCATION AND ACCESS
Materials specified Book review (E-STREAMS)
Uniform Resource Identifier <a href="http://www.e-streams.com/es0704/es0704_3171.html">http://www.e-streams.com/es0704/es0704_3171.html</a>
906 ## - LOCAL DATA ELEMENT F, LDF (RLIN)
a 7
b cbc
c orignew
d 1
e ocip
f 20
g y-gencatlg
942 ## - ADDED ENTRY ELEMENTS (KOHA)
Source of classification or shelving scheme
Koha item type Book
Call number prefix IESE
Holdings
Withdrawn status Lost status Source of classification or shelving scheme Damaged status Not for loan Collection code Permanent Location Current Location Shelving location Date acquired Total Checkouts Full call number Barcode Date last seen Price effective from Koha item type
            Institute of Environmental Science and Engineering (IESE) Institute of Environmental Science and Engineering (IESE) General Stacks 11/16/2017   628.5 MCC IESE-1243 11/16/2017 11/16/2017 Book
© 2023 Central Library, National University of Sciences and Technology. All Rights Reserved.